banner-ar

الفيزياء الكمية: مقرر بيركلى فى الفيزياء- مج 4 / (Record no. 54478)

MARC details
000 -الفاتح
حقل البيانات ثابتة الطول 00524nam a2200169Ia 4500
008 - عناصر البيانات ثابتة الطول - معلومات عامة
حقل البيانات ثابتة الطول 140319s9999 xx 000 0 ara d
040 ## - مصدر الفهرسة
وكالة الفهرسة الأصلية GCL /
وكالة النسخ GCL
082 04 - رقم تصنيف ديوى العشرى
رقم التصنيف 530
رقم المادة وف
100 1# - المدخل الرئيسى - إسم شخصى
الإسم الشخصى وبكمان, ايفينذ هـ
245 10 - بيان العنوان
العنوان الفيزياء الكمية: مقرر بيركلى فى الفيزياء- مج 4 /
بيان المسئوليه,etc وبكمان, ايفينذ هـ
260 ## - PUBLICATION, DISTRIBUTION, ETC. (IMPRINT)
تاريخ النشر أو التوزيع 1971
300 ## - الوصف المادى
التعداد 573 ص
490 ## - بيان السلسلة
عنوان السلسلة
650 04 - المدخل الاضافى بالموضوع-مصطلح موضوعى
مصطلح موضوعي الفيزياء
942 ## - عناصر المدخل الإضافي( كوها)
مصدر التصنيف او مخطط الترفيف Dewey Decimal Classification
Koha [default] item type كتاب
260 ## - PUBLICATION, DISTRIBUTION, ETC. (IMPRINT)
-- [S.N] :
-- مبدلات المحدوده ،
Holdings
حالة التراجع حالة الفقد حالة تلف ليس للاعارة المكان المؤقت الموقع الحالى تاريخ الاكتساب اجمالي اﻻعارات رقم الطلب الباركود تاريخ اخر مشاهدة تاريخ تفعيل السعر نوع وعاء كوها
        مكتبة القاهرة الكبرى مكتبة القاهرة الكبرى 03/26/2014   530\وف 131028 03/26/2014 03/26/2014 كتاب

Powered By

EGPV